000 00697nam a2200181 a 4500
001 000031567
005 20250502073820.0
008 110627s1997 dr a 000 0 spa d
040 _aDO-SdBNP
_bspa
_cBNPHU
082 _axxxx
_bR426c
110 1 _aRepública Dominicana.
_bOficina Nacional de Administración y Personal
_926398
245 1 0 _aCenso de servidores público :
_bmanual del entrevistador /
_cpresentación Raymundo Amaro Gúzman.
260 _a[Santo Domingo :
_bGente,
_c1997].
300 _a41 p. :
_bil. ;
_c20 cm.
505 0 _tBoleta censal (FORM. CSP-01)
_tHoja adicional (Form. CSP-01-1)
_tHoja de resumen (Form. CSP-02)
700 1 2 _aAmaro Guzmán, Raymundo
_9656
049 _aBNPD
999 _c31059
_d31059